000 00471nam a2200193Ia 4500
005 20250114112817.0
008 131103s9999 xx 000 0 und d
040 _aLoreto College
041 _aEnglish
082 _a900
_bKIR
100 _aKirkman, F.B.
245 4 _aThe history highway
_b book 1
_cF.B.Kirkman
260 _aLondon
_bThomas Nelson
_c1936
300 _aiii,159p
650 _aHistory
651 _aIndia-history
850 _aLCBED
942 _cBK
999 _c28826
_d79305